Loading...
| Literature - British | 0 | 3 | 0 | 0 | 30 | 77 | 113.67 | 0 | 1 | 0.00 | 0.00 |
| Science - Chemistry | 0 | 3 | 0 | 1 | 30 | 36 | 72.33 | 1 | 2 | 0.00 | 0.00 |
| Literature - World/Other | 0 | 2 | 0 | 0 | 20 | 101 | 112.00 | 0 | 1 | 0.00 | 0.00 |
| Literature - European | 0 | 2 | 0 | 0 | 20 | 90 | 100.50 | 0 | 1 | 0.00 | 0.00 |
| Science - Biology | 0 | 2 | 0 | 0 | 20 | 88 | 96.50 | 0 | 2 | 0.00 | 0.00 |
| Science - Physics | 0 | 1 | 0 | 0 | 10 | 89 | 89.00 | 0 | 1 | 0.00 | 0.00 |
| Mythology | 0 | 1 | 0 | 0 | 10 | 56 | 56.00 | 0 | 0 | 0.00 | 0.00 |
| Literature - American | 0 | 1 | 1 | 0 | 5 | 140 | 140.00 | 0 | 0 | 0.00 | 0.00 |
| Social Science | 0 | 0 | 0 | 0 | 0 | 0.00 | 0 | 0 | 0.00 | 0.00 | |
| Science - Other | 0 | 0 | 1 | 0 | -5 | 0.00 | 0 | 0 | 0.00 | 0.00 |